Statistics for Too Sweet by Hozier - Lyrics Quiz

Click here to take the quiz!

General Stats

  • This quiz has been taken 177 times
  • The average score is 244 of 287

Answer Stats

Answer% Correct
a
100%
i
100%
to
100%
you
100%
your
100%
be
99%
me
99%
too
99%
you're
99%
for
98%
my
98%
sweet
98%
an
97%
the
96%
whiskey
96%
and
95%
at
95%
bed
95%
coffee
95%
neat
95%
take
95%
three
95%
black
94%
it
93%
who
93%
in
91%
so
91%
it's
89%
as
88%
can
88%
do
88%
i'll
88%
then
88%
like
85%
day
83%
go
83%
don't
82%
baby
81%
before
81%
if
81%
say
81%
up
81%
but
80%
that
80%
wake
79%
how
78%
i'm
78%
babe?
76%
babe
76%
can't
76%
10
74%
dark
73%
heaven's
73%
know
73%
o'clock
73%
on
73%
said
73%
tell
73%
well?
73%
word
73%
gate
72%
sleep
72%
think
72%
until
72%
bird
71%
early
71%
i'd
71%
lake
71%
just
70%
live
70%
mouth
70%
where
70%
morning
69%
rather
69%
sunrise
69%
treat
69%
wait
69%
daylight
68%
now
68%
bonfire
67%
get
67%
grape
67%
wanna
67%
keep
66%
lost
65%
never
65%
of
65%
vine
65%
from
63%
great
63%
haze?
63%
soft
63%
TSA
63%
gotta
62%
pretend
62%
tellin'
62%
low
61%
smellin'
61%
this
61%
wrong
61%
drunk
60%
life
60%
right
60%
maybe
59%
pretty
59%
rest
59%
while
59%
could
58%
free
58%
barrel
57%
rain
57%
true
57%
world
57%
done
56%
bright
55%
forever
55%
sit
55%
aim
54%
late
54%
ground's
53%
some
53%
wants
53%
wish
53%
work
53%
worry
52%
gets
51%
phone
51%
along
50%
job
49%

Score Distribution

Percentile by Number Answered

Percent of People with Each Score

Your Score History

You have not taken this quiz